TB. OG ANATOMY AND PHYSIOLOGY FOR NURSES (Record no. 21948)

MARC details
000 -LEADER
fixed length control field 00362nam a22001577a 4500
003 - CONTROL NUMBER IDENTIFIER
control field SGT
020 ## - INTERNATIONAL STANDARD BOOK NUMBER
International Standard Book Number 9788131243732
082 ## - DEWEY DECIMAL CLASSIFICATION NUMBER
Classification number 611
Item number A17S
100 ## - MAIN ENTRY--PERSONAL NAME
Personal name SHANKAR, NACHIKET
245 ## - TITLE STATEMENT
Title TB. OG ANATOMY AND PHYSIOLOGY FOR NURSES
250 ## - EDITION STATEMENT
Edition statement 1ST
260 ## - PUBLICATION, DISTRIBUTION, ETC. (IMPRINT)
Place of publication, distribution, etc INDIA
Name of publisher, distributor, etc ELSEVIER PUB
Year of Publication 2017
300 ## - PAGE DESCRIPTION
No. of Pages 584
650 ## - SUBJECT ADDED ENTRY--TOPICAL TERM
Topical term or geographic name as entry element HUMAN ANATOMY
942 ## - ADDED ENTRY ELEMENTS (KOHA)
Source of classification or shelving scheme Dewey Decimal Classification
Koha item type Books
942 ## - ADDED ENTRY ELEMENTS (KOHA)
-- 44
Holdings
Withdrawn status Lost status Source of classification or shelving scheme Damaged status Not for loan Collection code Home library Current library Shelving location Date acquired Vendor Name Cost, normal purchase price SGTU Bill Number Total Checkouts Full call number Accession No. (Barcode) Date last seen Date last borrowed Bill Date Koha item type
    Dewey Decimal Classification     NURSING SGT Medical Library SGT Medical Library Text Book 12/10/2021 ABC DELHI 675.00 SGTU 13309 10 611 A17S FN4506 18/12/2025 03/12/2025   Books
    Dewey Decimal Classification     NURSING SGT Medical Library SGT Medical Library Text Book 12/10/2021 ABC DELHI 675.00 SGTU 13309 1 611 A17S FN4507 04/11/2024 24/10/2024   Books
    Dewey Decimal Classification     NURSING SGT Medical Library SGT Medical Library Text Book 12/10/2021 ABC DELHI 675.00 SGTU 13309 13 611 A17S FN4508 24/01/2025 13/01/2025   Books
    Dewey Decimal Classification     NURSING SGT Medical Library SGT Medical Library Text Book 12/10/2021 ABC DELHI 675.00 SGTU 13309 15 611 A17S FN4509 22/12/2025 08/12/2025   Books
    Dewey Decimal Classification     NURSING SGT Medical Library SGT Medical Library Text Book 12/10/2021 ABC DELHI 675.00 SGTU 13309 7 611 A17S FN4510 07/11/2024 28/10/2024   Books